UBT Library

Principet Fundamentale te Projektimit te Rrjetave Kompjuterike per FSK (Record no. 46050)

000 -LEADER
fixed length control field 00316nam a22001217a 4500
008 - FIXED-LENGTH DATA ELEMENTS--GENERAL INFORMATION
fixed length control field 180519b xxu||||| |||| 00| 0 eng d
041 ## - LANGUAGE CODE
Language code of text/sound track or separate title eng
080 ## - UNIVERSAL DECIMAL CLASSIFICATION NUMBER
Universal Decimal Classification number 043.3
100 ## - Rafti
Rafti 0
101 ## - Shkurtesa
Shkurtesa SHKI-BA
245 ## - TITLE STATEMENT
Title Principet Fundamentale te Projektimit te Rrjetave Kompjuterike per FSK
Statement of responsibility, etc Ramadani, N
942 ## - ADDED ENTRY ELEMENTS (KOHA)
Source of classification or shelving scheme
Item type Books
Holdings
Withdrawn status Lost status Source of classification or shelving scheme Damaged status Not for loan Collection code Permanent location Current location Shelving location Date acquired Total Checkouts Full call number Barcode Date last seen Price effective from Koha item type
          Koleksioni i përgjithshem UBT - Lipjan UBT - Lipjan Disertacionet 05/19/2018   043.3 Ramadani, N 2012 002-3008657 05/19/2018 05/19/2018 Books
          Koleksioni i përgjithshem UBT - Lipjan UBT - Lipjan Disertacionet 05/19/2018   043.3 Ramadani, N 2012 002-3008653 05/19/2018 05/19/2018 Books
          Koleksioni i përgjithshem UBT - Lipjan UBT - Lipjan Disertacionet 05/19/2018   043.3 Ramadani, N 2012 002-3008658 05/19/2018 05/19/2018 Books
          Koleksioni i përgjithshem UBT - Lipjan UBT - Lipjan Disertacionet 05/19/2018   043.3 Ramadani, N 2012 002-3008648 05/19/2018 05/19/2018 Books
UBT Library © 2015-2024. All rights reserved University Education for Business and Technology